Normal view
MARC view
Entry Geographic Name
001 - CONTROL NUMBER
- control field: 7360
003 - CONTROL NUMBER IDENTIFIER
- control field: ARRUPE
005 - DATE AND TIME OF LATEST TRANSACTION
- control field: 20140130140443.0
008 - FIXED-LENGTH DATA ELEMENTS
- fixed length control field: 140130|| aca||aabn | a|a d
040 ## - CATALOGING SOURCE
- Original cataloging agency: ARRUPE
- Transcribing agency: ARRUPE
151 ## - HEADING--GEOGRAPHIC NAME
- Geographic name: Canada
- General subdivision: Social conditions.
670 ## - SOURCE DATA FOUND
- Source citation: Work cat.: (ARRUPE)0: De Roo, Remi J. 7355, Cries of victims, voice of God /, 1986.